| 000 | 00719nam a22001937a 4500 | ||
|---|---|---|---|
| 999 |
_c166527 _d166527 |
||
| 005 | 20190726144725.0 | ||
| 010 | _aUR-10295 | ||
| 020 |
_c300.00 _a9789388736121 |
||
| 035 | _aU-8850 | ||
| 037 | _bDBAD/PUB | ||
| 082 | _a844 | ||
| 100 | _aمر تبہ:ا حسا ن عا لم | ||
| 245 |
_aحسن ر ہبر ا يک منفر د ا فسا نہ نگا ر _cمر تبہ:ا حسا ن عا لم |
||
| 246 |
_bHasan Rahber Ek Munfrid Afsana Nigar (Urdu) _aby Ahsan Alam |
||
| 260 |
_a Delhi _bEducational Publishing House _c2018 ء |
||
| 270 |
_a3191,Vakil Street,Kucha Pandit Lal Kuan, _bDelhi _e110006 _k23216162 _l0091-1123211540 |
||
| 300 |
_a208 ص _c22 Cm(Hb) |
||
| 942 |
_2ddc _cUR _h844 _mح س ن |
||